Как воспитать творческую личность на основе ТРИЗ и ТРИЗ-педагогики

Podrobná bibliografie
Hlavní autor: Гончарова А. С. Анастасия Сергеевна
Shrnutí:Адаптированные к дошкольному возрасту основы ТРИЗ позволяют воспитывать и обучать личность, которой жить завтра, а не вчера. Цель использования данной технологии в дошкольном возрасте – развитие, с одной стороны, таких качеств мышления как гибкость, оригинальность, разработанность, продуктивность, с другой стороны – развитие речи и воображения, поисковая активность, стремление к новизне. Предложенные в книге идеи прошли апробацию на базе частного детского центра и на занятиях с детьми автора книги. В результате дети были более открытыми к новому, самостоятельными, смелыми в высказывании идей, способными к разным видам творчества и активными в поиске интересных идей к творческим задачам. Данная книга адресована педагогам, воспитателям, практическим психологам и родителям.
Jazyk:ruština
Vydáno: Москва, Галактика, 2021
Témata:
Médium: MixedMaterials Kniha
KOHA link:https://koha.lib.tpu.ru/cgi-bin/koha/opac-detail.pl?biblionumber=348040

MARC

LEADER 00000nam0a2200000 4500
001 348040
005 20231102010050.0
010 |a 9785604412237 
035 |a (RuTPU)RU\TPU\book\380000 
090 |a 348040 
100 |a 20221011d2021 km y0rusy50 ca 
101 0 |a rus 
102 |a RU 
105 |a a z 000zy 
200 1 |a Как воспитать творческую личность на основе ТРИЗ и ТРИЗ-педагогики  |f А. С. Гончарова 
210 |a Москва  |c Галактика  |d 2021 
215 |a 114 с.  |c ил. 
330 |a Адаптированные к дошкольному возрасту основы ТРИЗ позволяют воспитывать и обучать личность, которой жить завтра, а не вчера. Цель использования данной технологии в дошкольном возрасте – развитие, с одной стороны, таких качеств мышления как гибкость, оригинальность, разработанность, продуктивность, с другой стороны – развитие речи и воображения, поисковая активность, стремление к новизне. Предложенные в книге идеи прошли апробацию на базе частного детского центра и на занятиях с детьми автора книги. В результате дети были более открытыми к новому, самостоятельными, смелыми в высказывании идей, способными к разным видам творчества и активными в поиске интересных идей к творческим задачам. Данная книга адресована педагогам, воспитателям, практическим психологам и родителям. 
606 1 |a Научное творчество  |x Психология  |2 stltpush  |3 (RuTPU)RU\TPU\subj\45136  |9 64398 
606 1 |a Педагогика дошкольная  |2 stltpush  |3 (RuTPU)RU\TPU\subj\48418  |9 67289 
610 1 |a система образования 
610 1 |a воспитание 
610 1 |a творческое воображение 
610 1 |a творческое мышление 
610 1 |a мышление 
610 1 |a психология 
686 |a Ю945  |v LBC/SL-A  |2 rubbk 
686 |a Ч41  |v LBC/SL-A  |2 rubbk 
700 1 |a Гончарова  |b А. С.  |g Анастасия Сергеевна 
801 1 |a RU  |b 63413507  |c 20221011 
801 2 |a RU  |b 63413507  |c 20221124  |g RCR 
942 |c BK 
959 |a 17/20221011  |d 1  |e 554,00  |f ЧЗТЛ:1